| 000 | 00646nam a22002177a 4500 | ||
|---|---|---|---|
| 999 |
_c15263 _d15263 |
||
| 003 | AR-CdUCM | ||
| 008 | 190426b ||||| |||| 00| 0 spa d | ||
| 020 | _a978-84-683-0872-7 | ||
| 040 |
_aMUNICIPALIDAD PROVINCIAL DEL CUSCO _cBIBLIOTECA MUNICIPAL DEL CUSCO |
||
| 082 |
_aPI / 803.08 / _bS61 |
||
| 100 |
_aSmith, Alex T. _934101 |
||
| 245 | _aClaude en el circo / | ||
| 260 |
_aBarcelona : _bEdebé, _c2013. |
||
| 300 |
_a93 páginas ; _c18 cm. _bIlustración |
||
| 650 |
_aLiteratura _9416 |
||
| 650 |
_aInfantil _96210 |
||
| 650 |
_aInfancia _95236 |
||
| 700 |
_aLlerena, Carmen _934311 |
||
| 942 |
_2ddc _cLIBROS |
||
| 945 |
_arah _d26/04/2019 |
||